| 000 | 01039nac a22002411u 4500 | ||
|---|---|---|---|
| 010 | _a75019056 | ||
| 020 | _a0817346058 : | ||
| 082 | 0 | 0 |
_a330.94 _bB1689 |
| 090 |
_c1637 _d1637 |
||
| 100 | _a20080729 | ||
| 245 | 0 | 0 |
_aMediterranean Europe and the Common Market : _bstudies of economic growth and integration / _cedited by Eric N. Baklanoff. |
| 260 |
_aUniversity : _bPublished for the Office for International Studies and Programs by the University of Alabama Press, _cc1976. |
||
| 300 |
_axii, 244 p. ; _c24 cm. |
||
| 440 | 0 |
_aMediterranean Europe series ; _v2 |
|
| 500 | _aDonations | ||
| 500 | _aDonations - Dr. Mostafa Gouda | ||
| 504 | _aIncludes bibliographical references and index. | ||
| 610 | 2 | 0 |
_aEuropean Economic Community _zMediterranean region. |
| 651 | 0 |
_aMediterranean region _xEconomic conditions. |
|
| 700 | 1 | _aBaklanoff, Eric N. | |
| 942 |
_cBB _k330.94B1689 |
||
| 999 |
_c1637 _d1637 |
||